The political ideology of Pakistan. (Record no. 71201)

MARC details
000 -LEADER
fixed length control field 00632cam a22002411 4500
001 - CONTROL NUMBER
control field sa 66007447
003 - CONTROL NUMBER IDENTIFIER
control field DLC
005 - DATE AND TIME OF LATEST TRANSACTION
control field 20260227112305.0
008 - FIXED-LENGTH DATA ELEMENTS--GENERAL INFORMATION
fixed length control field 870817s1965 bg 000 0 eng
010 ## - LIBRARY OF CONGRESS CONTROL NUMBER
LC control number sa 66007447
025 ## - OVERSEAS ACQUISITION NUMBER
Overseas acquisition number PL480:EP-E-322
035 ## - SYSTEM CONTROL NUMBER
System control number (OCoLC)16500767
040 ## - CATALOGING SOURCE
Original cataloging agency DLC
Transcribing agency WaU
Modifying agency DLC
042 ## - AUTHENTICATION CODE
Authentication code premarc
050 00 - LIBRARY OF CONGRESS CALL NUMBER
Classification number JC49
Item number .Z3
100 1# - MAIN ENTRY--PERSONAL NAME
Personal name Zaman, Hasan.
245 14 - TITLE STATEMENT
Title The political ideology of Pakistan.
250 ## - EDITION STATEMENT
Edition statement [1st ed.]
260 ## - PUBLICATION, DISTRIBUTION, ETC.
Place of publication, distribution, etc. Dacca,
Name of publisher, distributor, etc. Pakistan Tamaddun Majlis
Date of publication, distribution, etc. [1965]
300 ## - PHYSICAL DESCRIPTION
Extent 8 p.
Dimensions 21 cm.
650 #0 - SUBJECT ADDED ENTRY--TOPICAL TERM
Topical term or geographic name entry element State, The.
651 #0 - SUBJECT ADDED ENTRY--GEOGRAPHIC NAME
Geographic name Islamic countries
General subdivision Politics and government.

No items available.

Powered by Koha